000 00580nab a2200181 4500
001 244442
003 OSt
005 20251209140242.0
007 tu
008 251209s2020|||||||
040 _aDE-2950
_cDE-2950
245 0 0 _aKältebus erleichtert Hilfe für Obdachlose
_bEngagement. Der Frankfurter Bereitschaftsdienst des DRK ist in diesem Winter mit einem neuen Fahrzeug unterwegs/
_cred
264 _c2025
653 _aFrankfurt (Oder)
653 _aKältebus
773 0 _g36. Jahrgang (2025) Nr. 283 vom 5.12.2025, S. 15 mit Foto
_tMärkische Oderzeitung
942 _2z
_cA
999 _c374154
_d374154